000 02005cam a2200193 4500500
005 20251228061945.0
041 _afre
042 _adc
100 1 0 _aPulh, Mathilde
_eauthor
700 1 0 _aBourgeon-Renault, Dominique
_eauthor
700 1 0 _aBouchet, Patrick
_eauthor
245 0 0 _aSpectacles vivants, logiques de consommation et construction d’experiences : Le paradoxe d’une offre à la fois unique et plurielle
260 _c2005.
500 _a3
520 _aL’accélération de la concurrence, les difficultés d’exploitation, les problèmes d’élargissement du public sont des contraintes qui obligent le marché du spectacle vivant à avancer vers une meilleure compréhension de son public afin de pouvoir agir sur la fréquentation des lieux de diffusion. Or analyser le vécu des consommateurs revient à se confronter à une multiplicité de comportements de valorisation et de logiques de consommation de la part des spectateurs. En conséquence, il convient d’envisager des leviers d’action et des stratégies marketing diversifiés pour permettre aux organisateurs la construction d’expériences à travers une offre à la fois unique ( en termes d’événement) et plurielle ( qui combine plusieurs facettes).
520 _aCompetition speed, operational difficulties, larger targets constraint the living spectacle market to move towards a better understanding of its audience in order to increase the frequentation of the broadcasting places. In this study, we show that the professionals are confronted to a multiplicity of valorisation behaviours and logics of consumption. Consequently, we consider various marketing strategies for the organizers to construct the consumption experiences through single (in terms of event) as well as plural offers (several facets).
786 0 _nDécisions Marketing | 37 | 1 | 2005-01-01 | p. 57-66 | 0779-7389
856 4 1 _uhttps://shs.cairn.info/revue-decisions-marketing-2005-1-page-57?lang=fr&redirect-ssocas=7080
999 _c1588073
_d1588073